01309njm a2200277Ia 450000100060000000300090000600500170001500800410003204000130007304000130008604100120009910000100011110000180012110000380013924500140017725000110019126000090020226000630021130000170027430000290029150000210032050505070034165000510084870000760089970000560097525915IT-RoPAU20220918181151.0131025s9999 xx 000 0 und d aIT-RoPAU cIT-RoPAU aINGLESE aToto  eAutore musica gCodice autore musica SPICS: 23782 aIsolation a1a ed. aROMA bSPICS RECORDSc1984 [1a Ed.:1984 - Ed. Lingua Orig.: 1984] aMUSICASSETTA c43 minuti (Testo: pag.) aMusica pop, rock aCarmen [(D. Paich, J. Porcaro) (3:25)] - Lion [(D. Paich, B. Kimball) (4:46)] - Stranger in Town [(D. Paich, J. Porcaro) (4:47)] - Angel Don't Cry [(D. Paich, F. Frederiksen) (4:21)] - How Does It Feel [(S. Lukather) (3:50)] - Endless [(D. Paich) (3:40)] - Isolation [(S. Lukather, D. Paich, F. Frederiksen) (4:04)] - Mr. Friendly [(S. Lukather, D. Paich, F. Frederiksen, J. Porcaro, M. Porcaro) (4:22)] - Change Of Heart [(D. Paich, F. Frederiksen) (4:08)] - Holyanna [(D. Paich, J. Porcaro) (4:19)]  aCANZONE [CASSETTE]eCodice MATERIA SPICS: 9951 aTotò€ eAutore testo e musicagCodice autore testo/musica SPICS: 23782 aTotò€ gCodice interprete SPICS: 23782eInterprete